| 000 | 00573nam a2200169 a 4500 | ||
|---|---|---|---|
| 005 | 20221118063440.0 | ||
| 008 | 991125s1910 mx 000 0 spa u | ||
| 035 | _aUPN01000002914 | ||
| 049 | _aLT | ||
| 050 | 4 |
_aLB1573 M6.2 _bR6.2 |
|
| 100 | 1 | _aRodríguez, Delfina C. | |
| 245 | 1 | 3 |
_aEl ángel del hogar : _blibro de lectura para niñas del 2o. año de la instrucción primaria elemental / _cDelfina C. Rodríguez. |
| 260 |
_aMéxico : _bVda. de Ch. Bouret, _c1910. |
||
| 300 |
_a158 p. : _bil. |
||
| 650 | 4 |
_aLectura _xEstudio y enseñanza (Elemental) _92805 |
|
| 905 | _aLibro | ||
| 999 |
_c2914 _d2914 |
||